О месторождениях радиоактивных минеральных образований в Хакасском округе бывш. Енисейской губ.
| Главный автор: | |
|---|---|
| Корпоративные авторы: | , |
| Примечания: | Заглавие с титульного экрана Электронная версия печатной публикации |
| Язык: | русский французский |
| Опубликовано: |
Москва, Геологическое изд-во, 1930
|
| Серии: | Труды Главного геолого-разведочного управления ВСНХ СССР Вып. 19 Труды института металлов |
| Предметы: | |
| Online-ссылка: | m-2017-rf-rf04.pdf |
| Формат: | Электронный ресурс Книга |
| Запись в KOHA: | https://koha.lib.tpu.ru/cgi-bin/koha/opac-detail.pl?biblionumber=340907 |
MARC
| LEADER | 00000nam0a2200000 4500 | ||
|---|---|---|---|
| 001 | 340907 | ||
| 005 | 20231102005305.0 | ||
| 035 | |a (RuTPU)RU\TPU\book\367962 | ||
| 035 | |a RU\TPU\book\363991 | ||
| 090 | |a 340907 | ||
| 100 | |a 20180423d1930 k y0rusy50 ca | ||
| 101 | 0 | |a rus |a fre | |
| 102 | |a RU | ||
| 105 | |a a z 001zy | ||
| 135 | |a arnn ---uucaa | ||
| 200 | 1 | |a О месторождениях радиоактивных минеральных образований в Хакасском округе бывш. Енисейской губ. |f Г. С. Лабазин |g СССР, Главное геологоразведочное управление ; Институт металлов | |
| 210 | |a Москва |a Ленинград |c Геологическое изд-во |d 1930 | ||
| 225 | 1 | |a Труды Главного геолого-разведочного управления ВСНХ СССР |v Вып. 19 | |
| 225 | 1 | |a Труды института металлов | |
| 230 | |a 1 компьютерный файл (pdf; 35 717 Kb) | ||
| 300 | |a Заглавие с титульного экрана | ||
| 300 | |a Электронная версия печатной публикации | ||
| 320 | |a Библиогр.: с. 53 | ||
| 606 | 1 | |a Радиоактивные элементы |x Месторождения |2 stltpush |3 (RuTPU)RU\TPU\subj\22441 |9 47199 | |
| 610 | 1 | |a библиотека М. А. Усова | |
| 610 | 1 | |a минеральные образования | |
| 610 | 1 | |a колчеданные руды | |
| 610 | 1 | |a кварцитовые месторождения | |
| 610 | 1 | |a угленосные толщи | |
| 610 | 1 | |a медные жилы | |
| 610 | 1 | |a медные месторождения | |
| 675 | |a 553.495 |v 4 | ||
| 700 | 1 | |a Лабазин |b Г. С. |g Григорий Сергеевич | |
| 712 | 0 | 1 | |a СССР |b Главное геологоразведочное управление |c (1928-1931) |2 stltpush |3 (RuTPU)RU\TPU\col\18482 |9 27044 |
| 712 | 0 | 2 | |a Институт металлов |c (Ленинград) |c (1929-1931) |2 stltpush |3 (RuTPU)RU\TPU\col\23497 |9 28313 |
| 801 | 1 | |a RU |b 63413507 |c 20171108 | |
| 801 | 2 | |a RU |b 63413507 |c 20180424 |g RCR | |
| 856 | 4 | 0 | |u m-2017-rf-rf04.pdf |
| 942 | |c BK | ||